Statistics for Inanimate Insanity characters

Click here to take the quiz!

General Stats

  • This quiz has been taken 710 times
    (175 since last reset)
  • The average score is 29 of 37

Answer Stats

HintAnswer% Correct
Bow
94%
Test Tube
92%
Balloon
90%
Knife
90%
OJ
90%
Lightbulb
88%
Nickel
88%
Paintbrush
88%
Fan
86%
Yin-Yang
86%
Apple
84%
Season 1Baseball
84%
Candle
84%
Taco
84%
Cabby
83%
Silver Spoon
82%
Box
81%
Marshmallow
81%
Paper
81%
Season 3Blueberry
80%
Pepper
80%
Salt
80%
Pickle
78%
Microphone
77%
Trophy
77%
Soap
76%
Clover
72%
Goo
70%
The Floor
69%
Suitcase
68%
Cheesy
67%
Lifering
67%
Cherries
66%
Season 2Tissues
66%
Bomb
65%
Tea Kettle
64%
Dough
38%

Score Distribution

Percentile by Number Answered

Percent of People with Each Score

Your Score History

You have not taken this quiz since the last reset